| 000 | 02186cam a2200469 a 4500 | ||
|---|---|---|---|
| 999 |
_c529811 _d529811 |
||
| 001 | 13366643 | ||
| 003 | NUST | ||
| 005 | 20191003124305.0 | ||
| 008 | 031007s2003 dcuak b 000 0 eng d | ||
| 010 | _a 2003113846 | ||
| 020 | _a0309069718 | ||
| 035 | _a(OCoLC)ocm53985772 | ||
| 038 | _aMSOHAIL | ||
| 040 |
_aOSU _cOSU _dVPI _dOCLCQ _dIQU _dDLC |
||
| 042 | _alccopycat | ||
| 043 | _an-us--- | ||
| 050 | 0 | 0 |
_aHE355 _b.R43 2003 |
| 082 | 0 | 0 |
_a354.772652130973 _222 |
| 245 | 0 | 0 |
_aRecruiting and retaining individuals in state transportation agencies : _ba synthesis of highway practice / _cconsultant, Thomas R. Warne. |
| 260 |
_aWashington, D.C. : _bTransportation Research Board, _c2003. |
||
| 300 |
_a59 p. : _bill., forms ; _c28 cm. |
||
| 490 | 1 |
_aNCHRP synthesis, _x0547-5570 ; _v323 |
|
| 500 | _aAt head of title: National Cooperative Highway Research Program. | ||
| 500 | _a"Research sponsored by the American Association of State Highway and Transportation Officials in cooperation with the Federal Highway Administration." | ||
| 504 | _aIncludes bibliographical references (p. 38-39). | ||
| 530 | _aAlso available online (requires Adobe Acrobat Reader for viewing). | ||
| 650 | 0 |
_aHighway departments _xEmployees _xRecruiting _zUnited States. _922668 |
|
| 650 | 0 |
_aHighway departments _zUnited States _xPersonnel management. _921289 |
|
| 650 | 0 |
_aState transportation agencies _zUnited States _xEmployees. _922669 |
|
| 650 | 0 |
_aEmployee retention _zUnited States. _922670 |
|
| 700 | 1 |
_aWarne, Thomas R. _922522 |
|
| 710 | 2 |
_aNational Research Council (U.S.). _bTransportation Research Board. _922671 |
|
| 710 | 2 |
_aNational Cooperative Highway Research Program. _920864 |
|
| 710 | 2 |
_aAmerican Association of State Highway and Transportation Officials. _919553 |
|
| 710 | 1 |
_aUnited States. _bFederal Highway Administration. _920149 |
|
| 830 | 0 |
_aSynthesis of highway practice ; _v323. _922672 |
|
| 856 | 4 | 1 | _uhttp://trb.org/publications/nchrp/nchrp_syn_323.pdf |
| 906 |
_a7 _bcbc _ccopycat _d2 _eepcn _f20 _gy-gencatlg |
||
| 942 |
_2ddc _cBK |
||